[Event "Interzonal-16"]
[Site "Biel"]
[Date "1993.??.??"]
[Round "6"]
[White "Wolff, Patrick G"]
[Black "Sokolov, Ivan"]
[Result "1/2-1/2"]
[WhiteElo "2585"]
[BlackElo "2640"]
[Annotator "Wedberg,T"]
[PlyCount "103"]
[EventDate "1993.07.16"]
[EventType "swiss"]
[EventRounds "13"]
[EventCountry "SUI"]
[SourceTitle "CBM 037"]
[Source "ChessBase"]
[SourceDate "1993.12.01"]
[SourceVersion "1"]
[SourceVersionDate "1993.12.01"]
[SourceQuality "1"]

1. e4 {Sokolov,I} e5 2. Nf3 Nc6 3. Bb5 Nge7 4. O-O (4. Nc3 $5 Ng6 (4... d6 5.
d4 Bd7 6. Bc4 Nxd4 7. Nxd4 exd4 8. Qxd4 Nc6 9. Qe3 Be6 10. Nd5 Be7 11. Bd2 O-O
12. O-O $14 {Lasker-Steinitz/New York 1894}) (4... g6 5. d4 exd4 6. Nd5 Bg7 7.
Bg5 h6 8. Bf6 Bxf6 9. Nxf6+ Kf8 10. Nxd4 Kg7 11. Qd2 $3 $16 {Murey-Dreev/
Moscow/1989/}) 5. d4 exd4 6. Nxd4 Bc5 7. Be3 Bxd4 8. Bxd4 O-O 9. h4 $1 $16 {
Wedberg-Hartman/Stockholm 1989}) 4... g6 (4... d6 5. c3 Bd7 6. d4 Ng6 $13 {
/\ Be7, h6, Bg5}) 5. c3 Bg7 6. d4 exd4 7. cxd4 d5 8. exd5 Nxd5 9. Bxc6+ bxc6
10. Bg5 Qd6 11. Re1+ Be6 12. Nbd2 O-O 13. Ne4 Qb4 14. Qc1 $14 Rfe8 15. h3 (15.
Bd2 Qb5 (15... Qb6 16. Nc5 Bf5 17. Ne5 Re7 18. Nb3 Bxe5 19. dxe5 Rae8 20. Na5
c5 21. b3 Bd3 22. Nc4 Qe6 23. Nb2 Bf5 24. Qxc5 $14 {Oll,L-Dreev,A/URS-56ch/1989
}) 16. Ne5 Bf5 17. Ng3 Ne7 18. Bh6 Bxh6 19. Qxh6 f6 20. Re3 $6 fxe5 21. Rxe5 c5
$1 22. Qg5 Qd7 23. Rae1 Nc6 24. Nxf5 Nxe5 25. Nh6+ Kg7 $15 {Gelfand,B-Dreev,A/
Moscow 1989}) 15... Rab8 (15... Bf5 $2 {Sokolov,I RR} 16. Qxc6 $1 Qxb2 (16...
Bxe4 $2 17. Rxe4) 17. Nc5 $1 Be6 $8 (17... Rxe1+ 18. Rxe1 Nb6 19. Re8+ Rxe8 20.
Qxe8+ Bf8 21. Bh6 $18) 18. Nxe6 fxe6 $16) (15... Qb6 $5 {Sokolov,I /\} 16. Bh6
Bf5 $1 {Wolff,P}) 16. b3 Bf5 17. Bd2 (17. Qxc6 $4 {Sokolov,I} Bxe4 18. Rxe4
Rxe4) 17... Qb6 (17... Qf8 18. Ng3 Rxe1+ 19. Bxe1 Bd7 20. Ne5 Qe8 21. Qc5 $5
Bxe5 22. dxe5 Qxe5 23. Rd1 Ra8 24. Ba5 Be8 25. Re1 Qd6 26. Qxd6 cxd6 27. Ne4
$14 {Cseshkovsky,V-Dreev,A/Moscow 1992}) (17... Qf8 $5 $14 {Sokolov,I}) 18. Nc5
h5 (18... Rbd8 $5 {Sokolov,I}) 19. Ne5 Rbd8 20. Qa3 (20. Qc4 $145 $5 {Sokolov,
I /\ Na4} Qb5 21. Qxb5 cxb5 22. Nc6 Rxe1+ (22... Ra8 $16) 23. Rxe1 Rd6 24. Ne5
$14 {Wolff,P}) 20... Re7 21. Rac1 Rde8 22. Qb2 Qb5 (22... f6 {Sokolov,I} 23.
Ned7 (23. Nc4 Qb8) 23... Bxd7 24. Nxd7 Qb5 $13) 23. a4 Qb6 24. b4 $16 f6 25.
Nc4 (25. Ned7 {Sokolov,I} Bxd7 26. Nxd7 Qa6 $132) 25... Rxe1+ 26. Bxe1 Qb8 27.
Na5 Nf4 28. Rd1 (28. Nxc6 $2 Qa8 $17) 28... Qd8 29. Qb3+ Kh7 (29... Qd5 {
Sokolov,I} 30. Qxd5+ cxd5 31. Nc6 $16) 30. Nxc6 Qd6 31. d5 (31. b5 Ne2+ (31...
Bc2 $3 {Sokolov,I} 32. Qxc2 Qd5 33. f3 Re2 34. Rd2 (34. Qc3 Rxg2+ 35. Kf1 Qf5 {
/\ Qh3}) 34... Rxe1+ 35. Kf2 (35. Kh2 h4 $1 $17 {->>>} (35... Nxh3 $2 36. Nd3
$1 Qd6+ 37. f4 $1 Nxf4 38. Nxe1 Ne2+ 39. Kh1)) 35... Rh1 $44 {->>>}) 32. Kh1
Nxd4 33. Qc4 Bc2 $13) 31... Nxd5 $1 32. Bc3 (32. Nxa7 $1 c6 33. Bc3 Qc7 34. Nb5
$16) (32. Nd4 $1 $16 {Sokolov,I}) 32... Qxc6 33. Qxd5 Qxd5 34. Rxd5 $14 Re2 $6
(34... Re7 $14) 35. Na6 (35. Nd7 {Sokolov,I} Be6 36. Rd1 Bb3 37. Rc1 Rc2 (37...
Bxa4 38. Nxf6+ Kh6 39. Bd4 Bxf6 40. Bxf6 Re6 41. Bd4 $16) 38. Rxc2 Bxc2 39. a5
f5 40. Bxg7 Kxg7 $14 {Wolff,P}) 35... Rc2 36. Rc5 (36. Bd4 $142 {Sokolov,I}
Rc1+ 37. Kh2 Bh6 38. Be3 (38. Bxf6 $2 Rc6) 38... Bxe3 39. fxe3) 36... Bd7 (
36... Rc1+ {Sokolov,I} 37. Kh2 Bf8 $1 $17 {/\} 38. Rxc7+ Kg8 39. Be5 $8 (39. g3
$4 Be4) 39... Rb1 $1 40. Bg3 (40. Bf4 $4 g5 41. Bg3 h4) 40... h4 41. Bxh4 Bd6+
42. Bg3 Bxc7 43. Bxc7 Bc8 $1 44. b5 Bxa6) 37. Bxf6 $6 (37. b5 $16) 37... Bxa4
38. Bxg7 Kxg7 39. Nxc7 (39. Ra5 $1 {Sokolov,I /\ Nc5+/-}) 39... Rxc5 40. Ne6+
Kf6 41. Nxc5 Bc6 42. f4 Ke7 43. Kf2 Kd6 44. Nd3 Be4 45. Ne5 Kd5 46. g4 (46. g3
$6 {Sokolov,I} Kd4) 46... hxg4 47. hxg4 g5 $10 48. Ke3 (48. Nd7 {Sokolov,I}
gxf4 49. Nf6+ Kd4 50. Nxe4 Kxe4 51. b5 Kd4 $1 $10 {Wolff,P}) 48... Bh7 49. b5 (
49. Kf3 {Sokolov,I} Be4+ 50. Ke3 Bh7) 49... gxf4+ 50. Kxf4 Kc5 51. Nc6 a6 52.
bxa6 1/2-1/2

[Event "Alushta Autumn 1st"]
[Site "Alushta"]
[Date "2004.08.29"]
[Round "2"]
[White "Vokarev, Sergey"]
[Black "Malaniuk, Vladimir P"]
[Result "1-0"]
[WhiteElo "2529"]
[BlackElo "2555"]
[Annotator "Wedberg,T"]
[PlyCount "61"]
[EventDate "2004.08.28"]
[EventType "tourn"]
[EventRounds "15"]
[EventCountry "UKR"]
[EventCategory "9"]
[SourceTitle "CBM 103"]
[Source "ChessBase"]
[SourceDate "2004.11.11"]
[SourceVersion "1"]
[SourceVersionDate "2004.11.11"]
[SourceQuality "1"]

1. e4 e5 2. Nf3 Nc6 3. Bb5 g6 {This line has proven it´s worth over the years.
It is always a bit risky in an open game (like the Ruy Lopez) to invest time
in playing g6 and Bg7, rather than just develop the B in one move. But the
efforts of Smyslov and others has made this into a respectable system.} 4. d4 {
The direct approach is a try for refutation of Black´s extravagant move g6.} ({
The main alternative is} 4. c3 {which offers chances of a "normal" white
opening advantage.}) 4... exd4 5. Bg5 {Interfering with Black´s development
and preventing the B to reach g7.} Be7 (5... f6 {is possible, but not very
popular since it leaves the black K-side weakened.}) 6. Bxe7 Qxe7 7. Bxc6 dxc6
8. Qxd4 Nf6 9. Nc3 Bg4 10. Nd2 (10. Qe5 Bxf3 11. Qxe7+ Kxe7 12. gxf3 Nh5 $11 {
1/2-1/2 Mayer,D-Maric,D/Bad Zwesten 2001/EXT 2002 (17)}) (10. O-O-O Bxf3 11.
gxf3 O-O 12. f4 Nh5 13. f5 Rfe8 $13 {1/2-1/2 Volokitin,A-Malaniuk,V/Warsaw
2002/CBM 92 ext (23)}) 10... c5 (10... O-O $5 11. h3 Rfd8 12. Qe3 Be6 13. O-O
Qb4 14. Nb3 b6 15. Rad1 Rxd1 16. Rxd1 Re8 17. Qd4 Qe7 18. Re1 c5 19. Qe3 a5 $11
{1/2-1/2 Delgado,N-Radulski,J/Bled 2002/EXT 2003 (28)}) 11. Qe3 O-O-O 12. h3 (
12. f3 Be6 13. O-O-O b6 14. f4 Rhe8 15. Nf3 c6 16. Rxd8+ Qxd8 17. Qf2 Qc7 {
1/2-1/2 Kulak,D-Radulski,J/Golubac 2003/CBM 96 ext (34)}) 12... Bd7 13. O-O-O
Bc6 14. f3 $146 {[%mdl 8] Azmaiparashvili's shocker against Shirov has taught
white players to be careful in this position.} (14. g4 Rhe8 15. Rhe1 b6 $5 16.
f4 $2 Nxe4 $1 17. Ncxe4 f5 18. gxf5 gxf5 19. Nd6+ Qxd6 20. Nc4 Qf6 $17 {
0-1 Shirov,A-Azmaiparashvili,Z/Montecatini Terme 2000/CBM 79/[Wedberg] (46)})
14... b6 15. Nc4 h5 (15... Qe6 $5) 16. Qg5 $1 {[%mdl 4] White´s agenda is
quite simple: exchange and then exchange som more. The P-ending is winning.
Black on the other hand prefers a middlegame with pressure down the central
files. He also hopes to use his B to his advantage in an eventual ending - but
no P-ending.} Rxd1+ 17. Rxd1 Re8 18. h4 Nd7 19. Qxe7 Rxe7 20. Nd5 Re6 21. c3
Ne5 $6 (21... f5 22. Nf4 Re8 23. exf5 gxf5 24. Kd2 Nf6 25. Re1 $14) (21... Bxd5
{maybe this is the right track} 22. Rxd5 b5 23. Na5 (23. Nd2 c6 24. Rd3 Ne5 25.
Re3 c4 $132) 23... c6 24. Rd1 f5 $132) 22. Nxe5 Rxe5 23. Nf4 $1 {Preventing f5,
which would increase the strength of the B. And also cutting off the black K
along the d-file.} Re8 24. Kc2 Re7 25. Rd2 Re8 26. Kd3 Re7 27. Ke3 Re8 28. Nd5
$1 $16 {[%cal Ye3f4,Yf4g5,Yg5f6,Yf6f7]} f5 $6 {Black feels he must do
something, but this only helps White to create a passed P.} (28... Bxd5 $142
29. Rxd5 f6 $14 {[%cal Ye8e6,Yc7c6,Yc8c7] clear white advantage, but still
some hope for Black.}) 29. Kf4 $1 fxe4 30. fxe4 Kb7 31. Nf6 {An early
resignation perhaps, but the situation is quite hopeless for Black.} (31. Nf6
Re6 32. Kg5 Bxe4 33. Re2 Bf5 34. Rxe6 Bxe6 35. Kxg6 $18) 1-0

[Event "Groningen PCA"]
[Site "Groningen"]
[Date "1993.??.??"]
[Round "4"]
[White "Rozentalis, Eduardas"]
[Black "Sokolov, Ivan"]
[Result "0-1"]
[WhiteElo "2600"]
[BlackElo "2610"]
[Annotator "Wedberg,T"]
[PlyCount "56"]
[EventDate "1993.12.??"]
[EventType "swiss"]
[EventRounds "11"]
[EventCountry "NED"]
[SourceTitle "CBM 039"]
[Source "ChessBase"]
[SourceDate "1994.04.01"]
[SourceVersion "1"]
[SourceVersionDate "1994.04.01"]
[SourceQuality "1"]

1. e4 e5 2. Nf3 Nc6 3. Bb5 g6 4. c3 Nge7 5. d4 exd4 6. cxd4 d5 7. exd5 Nxd5 8.
O-O Bg7 9. Re1+ Be6 10. Ne5 $6 (10. Bg5 Qd6 11. Nbd2 O-O 12. Ne4 Qb4 13. Bxc6
bxc6 14. Qc1 $14) 10... O-O $1 11. Bxc6 (11. Nxc6 bxc6 12. Bxc6 Rb8 13. Nc3 Nb4
14. Be4 Qxd4 $132) 11... bxc6 12. Nd2 {N} (12. Nxc6 Qd6 13. Ne5 c5 14. Na3 Nb4
$132) 12... Ne7 13. Qa4 Bd5 $15 14. Nb3 Nf5 $5 $36 15. Bf4 (15. Nxc6 Bxc6 (
15... Qd7 $4 16. Ne7+ $18) (15... Qh4 $5 $132) 16. Qxc6 Nxd4 17. Nxd4 Bxd4 $10)
15... Re8 16. Rad1 $6 (16. Nxc6 $2 Qd7 17. Nba5 Nxd4 $19) (16. Bg3 $15) 16...
Nh4 $1 $40 17. f3 Qf6 18. Bg3 Nxg2 $1 $19 19. Kxg2 Rxe5 20. Nd2 (20. dxe5 $4
Qxf3+ 21. Kh3 Be6+ 22. Kh4 Qh5#) 20... Rxe1 21. Rxe1 Qf5 22. Qb4 g5 23. Qc3 g4
24. Kf2 Rc8 25. Qe3 h5 26. h3 Kh7 27. Ne4 Kg6 28. h4 Re8 0-1

[Event "Olomouc AZ Sanace Cup"]
[Site "Olomouc"]
[Date "1998.08.08"]
[Round "1"]
[White "Oral, Tomas"]
[Black "Mokry, Karel"]
[Result "1-0"]
[WhiteElo "2510"]
[BlackElo "2495"]
[Annotator "Wedberg,T"]
[PlyCount "49"]
[EventDate "1998.08.08"]
[EventType "tourn"]
[EventRounds "9"]
[EventCountry "CZE"]
[EventCategory "10"]
[SourceTitle "CBM 067"]
[Source "ChessBase"]
[SourceDate "1998.11.30"]
[SourceVersion "2"]
[SourceVersionDate "1998.11.01"]
[SourceQuality "1"]

{[%mdl 136]} 1. e4 e5 2. Nf3 Nc6 3. Bb5 g6 4. d4 exd4 5. Bg5 Be7 6. Bxe7 Qxe7
7. Bxc6 dxc6 8. Qxd4 f6 $6 $146 {Maybe the plan is to develop the N via h6-f7.
But in the following White proves that this idea is not viable. Not every
novelty is an improvement.} (8... Nf6 9. O-O (9. Nc3 Bg4 10. Qe3 (10. Nd2 c5
11. Qe3 O-O-O 12. h3 Be6 13. O-O-O Nd7 14. f4 $5 (14. e5 Rhe8 15. Rhe1 f6 16.
Nf3 (16. exf6 Nxf6 17. Nf3 Rxd1+ 18. Rxd1 Bd7 19. Qxe7 Rxe7 20. Re1 Rxe1+ 21.
Nxe1 $14 {1/2-1/2 Polgar,J-Smyslov,V/Prague Wom-Vet 1995/CBM 48/[Wedberg] (28)}
) 16... fxe5 17. Nxe5 Nxe5 18. Qxe5 Rxd1+ 19. Rxd1 Bd7 20. Qxe7 Rxe7 21. Kd2
Bc6 22. f3 b5 $11 {1/2-1/2 Hellers,F-Smyslov,V/Malmo 1997/CBM 60/[Fritz5.00 
(100s)] (26)}) 14... f6 15. Nf3 Rhe8 16. Rhe1 Nb6 17. Rxd8+ Rxd8 18. f5 $36 {
1/2-1/2 Illescas Cordoba,M-Salov,V/Madrid 1997/CBM 59/[Illescas Cordoba] (65)})
10... Rd8 11. O-O O-O 12. Ne1 Be6 13. Nd3 Bc4 14. Rad1 c5 $11 {1/2-1/2 Milos,
G-Conquest,S/Yopal 1997/CBM 60 (36)}) 9... c5 10. Qe5 Qxe5 11. Nxe5 Be6 12. Nc3
O-O-O 13. Rfd1 Rd4 $11 {1/2-1/2 Psakhis,L-Giorgadze,G/Debrecen 1992/EU-chT (16)
}) 9. Qe3 {[%cal Re3h6]} Bg4 10. Nc3 Bxf3 11. gxf3 $1 {[%cal Re3a7,Re3h6] ><a7,
פg8 Blacks K is stuck in the middle.} f5 12. O-O-O Nf6 13. Qh6 $1 {[%csl Re8]
The game already looks very bad for Black. The main problem is the safety of
the K.} fxe4 14. Nxe4 Nd7 (14... Nd5 15. c4 $18) (14... Nxe4 15. Rhe1 Kf7 16.
Rxe4 $18) 15. Rhe1 O-O-O 16. Nd6+ $18 Qxd6 17. Rxd6 cxd6 18. Re7 Rde8 19. Rxh7
Rxh7 20. Qxh7 Re1+ 21. Kd2 Rg1 22. f4 Kc7 23. Ke2 c5 24. h4 Kc6 25. Qg8 1-0

[Event "Rostov on Don"]
[Site "Rostov on Don"]
[Date "1993.??.??"]
[Round "?"]
[White "Psakhis, Lev"]
[Black "Smyslov, Vassily V"]
[Result "1/2-1/2"]
[WhiteElo "2575"]
[BlackElo "2530"]
[Annotator "Wedberg,T"]
[PlyCount "128"]
[EventDate "1993.05.??"]
[EventType "tourn"]
[EventRounds "11"]
[EventCountry "RUS"]
[EventCategory "14"]
[SourceTitle "CBM 036"]
[Source "ChessBase"]
[SourceDate "1993.10.01"]
[SourceVersion "1"]
[SourceVersionDate "1993.10.01"]
[SourceQuality "1"]

1. e4 e5 2. Nf3 Nc6 3. Bb5 g6 4. d4 exd4 5. Bg5 Be7 6. Bxe7 Qxe7 $6 (6... Ngxe7
7. Nxd4 d5 (7... O-O $5 8. Nc3 d5 9. exd5 Nxd5 10. Bxc6 (10. Nxc6 Qe8+ 11. Qe2
bxc6 12. Nxd5 Qxe2+ 13. Kxe2 cxd5 14. Bc6 Ba6+ $10) 10... Nxc3 11. bxc3 bxc6
12. O-O Qf6 13. Re1 Rd8 14. Qf3 Qxf3 15. Nxf3 Kf8 {=Romero Holmes-Vladimirov,
Leon 1991}) 8. Nxc6 (8. Nc3 dxe4 9. Nxc6 Qxd1+ 10. Rxd1 Nxc6 11. Bxc6+ bxc6 12.
Nxe4 Bf5 13. O-O O-O 14. Rd4 Rad8 15. Rfd1 (15. Rc4 $5 Bxe4 16. Rxe4 Rfe8 17.
Rxe8+ Rxe8 18. Rc1 $14) 15... Rxd4 16. Rxd4 c5 17. Rc4 Rb8 18. b3 Rb4 19. Nf6+
Kg7 20. Rxb4 cxb4 21. Nd5 Bxc2 22. Nxb4 Bb1 {=/+ Ronin-Mukhametov, Novosibirsk
1989}) 8... bxc6 9. Ba4 O-O 10. Nd2 Ba6 11. Qf3 dxe4 12. Qxe4 Re8 13. O-O-O Nd5
14. Qd4 {Hellers-Barbero, Budapest 1988}) 7. Bxc6 dxc6 8. Qxd4 Nf6 9. Nc3 Bg4 (
9... O-O 10. O-O-O Be6 11. h3 Rfd8 12. Qe3 b5 13. Ne5 Bd7 14. f4 Be8 15. g4 a5
16. g5 Nh5 17. Ng4 b4 18. Na4 Rxd1+ 19. Rxd1 Rd8 20. Rxd8 Qxd8 21. Nc5 {
+/- Sax-Smyslov, New York Open 1987}) 10. Nd2 O-O 11. h3 Be6 12. O-O-O Rfd8 13.
Qe3 $14 b5 14. f4 Nd7 15. Nf3 b4 16. Na4 Nb6 17. Rxd8+ Rxd8 18. Ne5 $1 (18. Nc5
$2 Nc4 19. Qf2 Qf6 $19) 18... Nxa4 (18... Qe8 19. Nc5 $16) 19. Nxc6 Qe8 20.
Nxd8 Qxd8 21. Qxa7 $16 Nb6 22. Rd1 Qe7 23. Qa5 Nc4 24. Qa8+ Kg7 25. Qd8 Qc5 26.
Qd4+ Qxd4 27. Rxd4 c5 28. Rd3 h5 29. b3 $6 (29. a3 $18) 29... Nb6 30. Rd6 Nd7
31. Kd2 Kf8 32. Ke3 Ke7 33. Rc6 h4 $1 {<=> x g2, h3} 34. Kf2 (34. Kd3 $2 f5 $1
35. exf5 Bxf5+ 36. Kd2 Be4 37. Ra6 Nf6 $17) 34... Nf6 35. Ke3 Nd7 36. Rc8 f5
37. Rh8 Nf6 38. Rxh4 $1 (38. e5 Nh5 $13) 38... Nxe4 39. Rh8 Nc3 40. Ra8 Bd5 41.
Ra7+ Ke6 42. Ra6+ Kf7 43. g3 Bg2 44. h4 Bh3 45. a4 bxa3 46. Rxa3 Bg4 47. Ra7+
Ke6 48. Ra6+ Kf7 49. Rc6 Ne4 50. c3 $1 Nxc3 51. Rxc5 Ne4 52. Rc6 $2 (52. Rc1 $1
Nxg3 53. b4 Ke6 54. b5 Be2 55. Kf2 Bxb5 56. Kxg3 $18) 52... Bd1 53. b4 Ba4 54.
Ra6 Bb5 55. Rb6 Bd7 56. Kd4 (56. g4 Nf6 $1 $10) (56. Kf3 Nd2+ 57. Kg2 Ne4 58.
b5 Nc3 59. Rb7 Ke6 $10) 56... Nxg3 57. b5 (57. Ke5 Be8 $10) 57... Bxb5 $1 $10
58. Rxb5 Kg7 59. Ke5 Nh5 60. Rb4 Kh7 61. Ke6 Kg7 62. Ra4 Ng3 63. Ra8 Nh5 64.
Ke5 Ng3 1/2-1/2